Antioxidants and their combinations in applications for natural latex compounds (Record no. 54329)

MARC details
000 -LEADER
fixed length control field 00490nam a2200133Ia 4500
100 ## - MAIN ENTRY--AUTHOR NAME
Personal name Hynek B
245 #0 - TITLE STATEMENT
Title Antioxidants and their combinations in applications for natural latex compounds
260 ## - PUBLICATION, DISTRIBUTION, ETC. (IMPRINT)
Name of publisher International Rubber Conference 1997. Rubber Science and Technology: Improving Quality of Life, Kuala Lumpur, Malaysia 6-9 Oct 1997; p40-48
650 ## - SUBJECT ADDED ENTRY--TOPICAL TERM
Topical Term Antioxidants
650 ## - SUBJECT ADDED ENTRY--TOPICAL TERM
Topical Term Latex compounds
700 ## - ADDED ENTRY--PERSONAL NAME
Personal name Kleiner T
942 ## - ADDED ENTRY ELEMENTS (KOHA)
Koha item type Journals
Holdings
Withdrawn status Lost status Damaged status Not for loan Home library Current library Shelving location Date acquired Koha item type
      Journals RRII Library RRII Library Rubber chemistry 17/12/2021 Journals